000 00295nam a2200133Ia 4500
008 191201s2011 xx 000 0 und d
100 _aKAZIMI, S.M.A
245 0 _aSolid Mechanics
250 _aRep
260 _aN. Delhi
_bTMH
_c2011
300 _a448
650 _aB.Tech(CE)
942 _2ddc
_cBK
999 _c5298
_d5298